Food, agriculture, and rural policy into the twenty-first century : issues and trade-offs /

Bibliographic Details
Other Authors: Hallberg, M. C. (Milton C.), Spitze, R. G. F., Ray, Daryll E.
Format: Book
Language:English
Published: Boulder : Westview Press, 1994.
Subjects:

MARC

Tag First Indicator Second Indicator Subfields
LEADER 00000cam a2200000 a 4500
001 in00001201713
005 20151002073029.0
008 931217s1994 coua b 001 0 eng
010 |a  93050054  
020 |a 0813387639 (hard : alk. paper) 
020 |a 0813387647 (pbk) 
035 |a (OCoLC)29594959 
035 |9 AGM6204AM 
040 |a DLC  |c DLC  |d IAY  |d AGL  |d TXA  |d UtOrBLW 
043 |a n-us--- 
049 |a TXAM 
050 0 0 |a HD9006  |b .F568 1994 
070 0 |a HD9006.F56  |b 1994 
072 0 |a E100 
082 0 0 |a 338.1/973  |2 20 
245 0 0 |a Food, agriculture, and rural policy into the twenty-first century :  |b issues and trade-offs /  |c edited by Milton C. Hallberg, Robert G.F. Spitze, and Daryll E. Ray. 
264 1 |a Boulder :  |b Westview Press,  |c 1994. 
300 |a xviii, 406 pages :  |b illustrations ;  |c 24 cm. 
336 |a text  |b txt  |2 rdacontent 
337 |a unmediated  |b n  |2 rdamedia 
338 |a volume  |b nc  |2 rdacarrier 
504 |a Includes bibliographical references and index. 
650 0 |a Food supply  |x Government policy  |z United States. 
650 0 |a Agriculture and state  |z United States. 
650 0 |a Nutrition policy  |z United States. 
650 0 |a Agriculture  |x Economic aspects  |z United States. 
650 0 |a Agriculture  |x Environmental aspects  |z United States. 
651 0 |a United States  |x Rural conditions. 
650 0 |a Agricultural laws and legislation  |z United States. 
700 1 |a Hallberg, M. C.  |q (Milton C.) 
700 1 |a Spitze, R. G. F. 
700 1 |a Ray, Daryll E. 
999 |a MARS 
999 f f |s 38adb623-6074-3d9d-bf92-18a827096265  |i 8a0aff0f-5cc0-3433-95c1-f030be30f303  |t 0 
952 f f |p ric  |a Texas A&M University  |b Rellis Campus  |c Joint Library Facility  |d Remote Storage  |t 0  |e HD9006 .F568 1994  |h Library of Congress classification  |i unmediated -- volume  |m A14818536486 
998 f f |a HD9006 .F568 1994  |t 0  |l Remote Storage